00392nam a2200121Ia 4500003000400000005001700004008004100021040001800062041000800080100005300088245009300141260003600234OSt20260401110759.0211028s2013 xx 000 0 und d cAIMIT LIBRARY aeng aPelvino, D'Costa Vicky;Kairanna, Sneha.g1116034 aStudy on customer satisfaction regarding service provided by mandovi motors management / aMangalorebSneha Kairannac2013